Les meilleurs buteurs de l'histoire du Betis Deportivo - Statistiques

Statistiques générales
  • Ce quiz a été pris 4 fois
  • Le résultat moyen est 2 sur 11
Statistiques - réponses
Buts Nationalité Joueur % Correct
65 Espagne Joaquín
100%
52 Espagne Borja Iglesias
50%
78 Espagne Alfonso
25%
43 Nigéria Finidi George
25%
147 Espagne Rubén Castro
25%
39 Brésil Edú
0%
42 Espagne Fernando Ansola
0%
41 Argentine Gabriel Calderón
0%
75 Espagne Jorge Molina
0%
56 Espagne Poli Rincón
0%
39 Espagne Sergio Canales
0%
Aucun quiz correspondant
Distribution des résultats
% des personnes avec chaque résultat
Percentile par nombre de réponses
Votre historique - résultats
Vous n’avez pas pris ce quiz